000 00677cam a22002413a 4500
001 6311
003 PGUSA
005 20140828083130.0
008 040801s2004||||xxu|||||s|||||000 1 eng d
040 _aPGUSA
_beng
042 _adc
050 4 _aPS
100 1 _aRoe, Edward Payson,
_d1838-1888
245 1 2 _aA Knight of the Nineteenth Century
_h[electronic resource] /
_cEdward Payson Roe
260 _bProject Gutenberg,
_c2004
506 _aPublic domain in the USA.
516 _aElectronic text
653 _aFiction
740 0 _aA Knight of the 19th Century
830 0 _aProject Gutenberg
_v6311
856 4 0 _uhttp://www.gutenberg.org/ebooks/6311
942 _cEB
999 _c235634
_d235634